Caracterización morfológica y molecular de Panicum coloratum var. makarikariense Goossens /
Guardado en:
| Otros Autores: | , , |
|---|---|
| Formato: | Manuscrito |
| Idioma: | Spanish |
| Publicado: |
2014.
|
| Materias: | |
| Acceso en línea: | Resumen y bibliografía |
| Etiquetas: |
Agregar Etiqueta
Sin Etiquetas, Sea el primero en etiquetar este registro!
|
| LEADER | 01258ntm a22003135a 4500 | ||
|---|---|---|---|
| 001 | EEA.libagro010153 | ||
| 005 | 20181212124714.0 | ||
| 008 | 140917s2014####ag#######bm###000#0#spa#d | ||
| 082 | 0 | 4 | |a 040 |
| 100 | 1 | |a Armando, Lorena Vanesa. |4 dis | |
| 245 | 1 | 0 | |a Caracterización morfológica y molecular de Panicum coloratum var. makarikariense Goossens / |c Lorena Vanesa Armando. |
| 260 | |c 2014. | ||
| 300 | |a xix, 193 h. : |b il. col. ; |c 30 cm. | ||
| 500 | |a Directores de tesis: Alicia Delia Carrera y María Andrea Tomás. | ||
| 502 | |a Tesis (doctoral)--Universidad Nacional del Sur. Departamento de Agronomía, 2014. | ||
| 504 | |a Incluye referencias bibliográficas. | ||
| 530 | |a Disponible además en formato digital | ||
| 650 | 7 | |a Botánica. | |
| 650 | 7 | |a Agronomía. | |
| 650 | 7 | |a Hierbas. | |
| 650 | 7 | |a Cultivos forrajeros. | |
| 650 | 7 | |a Morfología vegetal. | |
| 650 | 7 | |a Fitogenética. | |
| 653 | |a Mijo perenne | ||
| 700 | 1 | |a Carrera, Alicia Delia. |4 ths | |
| 700 | 1 | |a Tomás, María Andrea Luján. |4 ths | |
| 710 | 2 | |a Universidad Nacional del Sur. |b Departamento de Agronomía |4 dgg. | |
| 856 | |3 Resumen y bibliografía |u http://repositoriodigital.uns.edu.ar/handle/123456789/463 | ||
| 859 | |a AR-BbBCA |b BIB. AGRONOMIA |h 040 |i B158 2014-1316 |p 124657/014 | ||
